Normal view
MARC view
Entry Personal Name
001 - CONTROL NUMBER
- control field: 1239648
003 - CONTROL NUMBER IDENTIFIER
- control field: OSt
005 - DATE AND TIME OF LATEST TRANSACTION
- control field: 20260514122602.0
008 - FIXED-LENGTH DATA ELEMENTS
- fixed length control field: 260514|| aca||aabn | a|a d
040 ## - CATALOGING SOURCE
- Original cataloging agency: OSt
- Transcribing agency: OSt
100 ## - HEADING--PERSONAL NAME
- Personal name: Dr.Vibha Dutta
670 ## - SOURCE DATA FOUND
- Source citation: Work cat.: (OSt)1851518: Sonanki Dr.Pramod 1239647, Evaluation of Loss of Heterozygosity 1p/19q in Meningiomas.
